[Event "AUTO-MASTER-2961"]
[Site "http://www.queenalice.com/game.php?id=1614035"]
[Date "2020.5.27"]
[Round "1"]
[White "Takeda"]
[Black "favos"]
[Result "0-1"]
[WhiteElo "2046"]
[BlackElo "2113"]

1. e4 c5 2. Nf3 d6 3. Bc4 Nf6 4. d3 Nc6 5. O-O h6 6. Re1 e5 7. Nbd2 Be7 8. Nf1
O-O 9. Ne3 Be6 10. Nf5 Bxc4 11. dxc4 Nd4 12. N3xd4 cxd4 13. c3 dxc3 14. bxc3 Kh7
15. g4 Qc7 16. Ba3 Qxc4 17. Nxe7 Nxe4 18. Bb2 Nxc3 19. Qc2+ g6 20. Qxc3 Qxg4+
21. Qg3 Qe6 22. f4 Qxe7 23. fxe5 dxe5 24. Rxe5 Qb4 25. Qg2 Rac8 26. Rae1 Rc4 27.
R5e4 Qb6+ 28. Kh1 Rc6 29. Re7 Qa6 30. Bc1 Qc4 31. Qd2 Qh4 32. R1e4 Qh3 33. Qf4
Kg8 34. Rxf7 Rxc1+ 35. Qxc1 Rxf7 36. Re8+ Kh7 37. Re1 Qf3+ 38. Kg1 Qf2+ 39. Kh1
Qxa2 0-1

[Event "AUTO-MASTER-2961"]
[Site "http://www.queenalice.com/game.php?id=1614036"]
[Date "2020.5.27"]
[Round "1"]
[White "favos"]
[Black "rmvwoods"]
[Result "1-0"]
[WhiteElo "2002"]
[BlackElo "2126"]

1. d4 d5 2. Nf3 Nf6 3. Nc3 g6 4. Bf4 Bg7 5. e3 O-O 6. Be2 c5 7. O-O Bf5 8. b3
Qa5 9. Na4 Nbd7 10. Ne5 cxd4 11. exd4 Rac8 12. Bd3 Bxd3 13. Qxd3 b5 14. Bd2 Qa6
15. Bg5 e6 16. Bxf6 Nxe5 17. Bxe5 Qc6 18. Nc5 Bxe5 19. Nxe6 Qxe6 20. dxe5 Qxe5
21. Qxb5 Rxc2 22. Qa5 Rc7 23. Rad1 Rd7 24. Rfe1 Qf5 25. Re3 Qc2 26. Rde1 d4 27.
Re8 d3 28. Rxf8+ Kxf8 29. Qe5 Kg8 30. Qe8+ Kg7 31. Qxd7 d2 32. Qd4+ Kh6 33. Rf1
Qxa2 34. Rd1 Qxb3 35. Qe3+ 1-0

[Event "AUTO-MASTER-2961"]
[Site "http://www.queenalice.com/game.php?id=1614037"]
[Date "2020.5.27"]
[Round "1"]
[White "rmvwoods"]
[Black "favos"]
[Result "0-1"]
[WhiteElo "2110"]
[BlackElo "2055"]

1. d4 d5 2. c4 Nf6 3. Bg5 e6 4. e3 Nc6 5. cxd5 exd5 6. Nf3 Be6 7. Bb5 Be7 8.
Nbd2 O-O 9. O-O h6 10. Bxf6 Bxf6 11. Qc2 Nb4 12. Qb3 a5 13. a3 Na6 14. Qc3 c6
15. Ba4 b5 16. Bc2 c5 17. Qd3 g6 18. Qxb5 cxd4 19. Nxd4 Bxd4 20. exd4 Nc7 21.
Qe2 Qf6 22. Nf3 Bg4 23. Bd1 Ne6 24. Qe5 Qxe5 25. Nxe5 Bxd1 26. Rfxd1 Rfc8 27.
Nd7 Rd8 28. Ne5 Rac8 29. Nf3 Rc2 30. b4 axb4 31. axb4 Rb8 32. Rab1 g5 33. h3 Rb5
34. g4 Nf4 35. h4 gxh4 36. Nxh4 Ne2+ 37. Kg2 Nc3 0-1

[Event "Challenge"]
[Site "http://www.queenalice.com/game.php?id=1616806"]
[Date "2020.6.15"]
[Round "-"]
[White "jpribeiro"]
[Black "favos"]
[Result "0-1"]
[WhiteElo "1933"]
[BlackElo "2123"]

1. e4 c5 2. c3 d6 3. d4 cxd4 4. cxd4 Nc6 5. Nf3 Bg4 6. d5 Ne5 7. Bb5+ Nd7 8. h3
Bxf3 9. Qxf3 Nf6 10. Nc3 a6 11. Ba4 b5 12. Bc2 Ne5 13. Qe2 g6 14. f4 Nc4 15. b3
Nb6 16. Be3 Bg7 17. O-O-O Nh5 18. Qf2 Nd7 19. Bd4 Qa5 20. Bxg7 Nxg7 21. Qd4 O-O
22. b4 Qa3+ 23. Kb1 Nb6 24. Rd3 Nc4 25. Ne2 Qxb4+ 26. Ka1 Qc5 27. Qxc5 dxc5 28.
g4 Rfd8 29. Bb3 Na5 30. Bc2 c4 31. Rf3 e6 32. dxe6 Nxe6 33. f5 Ng5 34. Ra3 Rd2
35. Bd1 Rad8 36. Nc3 b4 37. Rxa5 bxc3 38. Ba4 Nxe4 39. Re5 Nf2 40. Rhe1 gxf5 41.
gxf5 c2 42. Kb2 Nd3+ 0-1

[Event "Challenge"]
[Site "http://www.queenalice.com/game.php?id=1616807"]
[Date "2020.6.15"]
[Round "-"]
[White "favos"]
[Black "jpribeiro"]
[Result "0-1"]
[WhiteElo "2167"]
[BlackElo "1913"]

1. Nf3 Nf6 2. c4 c5 3. Nc3 Nc6 4. g3 d5 5. e3 Bg4 6. Bg2 e6 7. O-O dxc4 8. h3
Bh5 9. g4 Bg6 10. a3 Bd6 11. Re1 O-O 12. Nh4 Ne7 13. Nxg6 Nxg6 14. Bxb7 Rb8 15.
Bg2 a6 16. Qe2 Ne5 17. Rb1 Nd3 18. Rf1 Rb3 19. Ne4 Nxe4 20. Bxe4 f5 21. gxf5
exf5 22. Bd5+ Kh8 23. Bxc4 Nxc1 24. Rfxc1 Rb6 25. f4 a5 26. Rf1 Qf6 27. d3 Rfb8
28. b3 a4 29. Qc2 axb3 30. Rxb3 Rxb3 31. Bxb3 Qg6+ 32. Kh2 Qf6 33. Rf2 Qa1 34.
a4 Qa3 35. Be6 g6 36. Bd7 Be7 37. Bb5 Bf6 38. Qc4 Qc3 39. Qxc3 Bxc3 40. Rc2 Bb4
41. d4 cxd4 42. exd4 Rd8 43. Rc4 Bd2 44. Kg3 Be1+ 45. Kf3 Ba5 46. Bc6 Kg8 47. d5
Kf7 48. Rc5 Bb6 49. Rb5 Rb8 50. a5 Ba7 51. Rxb8 Bxb8 52. a6 Ke7 53. Ke3 Ba7+ 54.
Kd3 Kd6 55. Bb7 Kc7 56. Ke2 Kd6 57. Kf3 Kc7 58. Kg3 Kd6 59. Kh4 h6 60. Bc6 Bf2#
0-1

[Event "AUTO-MASTER-2961"]
[Site "http://www.queenalice.com/game.php?id=1622929"]
[Date "2020.8.6"]
[Round "2"]
[White "favos"]
[Black "cerenzo72"]
[Result "0-1"]
[WhiteElo "2115"]
[BlackElo "2049"]

1. Nf3 Nf6 2. c4 d6 3. Nc3 e5 4. d3 Nc6 5. Bg5 Be7 6. g3 O-O 7. Bg2 h6 8. Bd2 d5
9. cxd5 Nxd5 10. O-O Be6 11. a3 Qd7 12. Rc1 f5 13. e4 fxe4 14. dxe4 Nb6 15. Qc2
Rad8 16. Be3 Nc4 17. Rfd1 Qc8 18. Rxd8 Rxd8 19. Bf1 Nxe3 20. fxe3 Bc5 21. Re1 a6
22. Nd5 Ba7 23. Qxc6 Bxd5 24. Qg6 Bf7 25. Bc4 Bxc4 26. Nxe5 Qe6 27. Qh5 Bb5 28.
h4 Be8 29. Qf5 Qb3 30. Ng4 Qxb2 31. Rf1 Qxa3 32. Qe6+ Kh7 33. Kh2 Qd6 34. Qb3 b5
35. Qb1 Bg6 36. h5 Bxh5 37. Nf6+ gxf6 38. e5+ Bg6 39. exd6 Bxb1 40. dxc7 Rc8 41.
Rxb1 Bxe3 42. Re1 Bg5 0-1

[Event "AUTO-MASTER-2961"]
[Site "http://www.queenalice.com/game.php?id=1622930"]
[Date "2020.8.6"]
[Round "2"]
[White "cerenzo72"]
[Black "favos"]
[Result "1-0"]
[WhiteElo "2029"]
[BlackElo "2130"]

1. e4 c6 2. d4 d5 3. Nc3 g6 4. Nf3 Bg7 5. h3 Nf6 6. e5 Nfd7 7. Bd3 Nb6 8. O-O
O-O 9. Bf4 N8d7 10. Qd2 f5 11. Ng5 Nb8 12. Na4 e6 13. Nc5 Re8 14. a4 Bd7 15.
Nxb7 Qe7 16. Nd6 Rd8 17. Ngf7 Rf8 18. Bg5 Qxf7 19. Nxf7 Rxf7 20. a5 Nc8 21. b4
a6 22. Rac1 Na7 23. c4 dxc4 24. Bxc4 Nb5 25. Rfd1 Ra7 26. Qa2 Nc7 27. Be3 Nd5
28. Bxd5 exd5 29. Bf4 Be6 30. Qc2 Bf8 31. Qd2 Rab7 32. Rb1 Be7 33. Bg5 Bf8 34.
f3 Nd7 35. g4 fxg4 36. fxg4 Nb8 37. Rf1 Rxf1+ 38. Kxf1 Rf7+ 39. Kg2 Nd7 40. Rc1
Nb8 41. Rf1 Rb7 42. Rf6 Bxb4 43. Qf2 Rf7 44. Rxf7 Bxf7 45. Qf6 Nd7 46. Qxc6 Nf8
47. Qxa6 Bc3 48. Qb6 Ne6 49. Bf6 Bxd4 50. Qb8+ Nf8 51. Be7 1-0

[Event "AUTO-MASTER-2961"]
[Site "http://www.queenalice.com/game.php?id=1622931"]
[Date "2020.8.6"]
[Round "2"]
[White "favos"]
[Black "Donyelko"]
[Result "1-0"]
[WhiteElo "2160"]
[BlackElo "2001"]

1. d4 d5 2. c4 e6 3. Nc3 Bb4 4. Nf3 Nf6 5. Bg5 c5 6. e3 Nc6 7. dxc5 Bxc3+ 8.
bxc3 dxc4 9. Bxc4 Qxd1+ 10. Rxd1 Ne4 11. Rc1 Nxc5 12. O-O a6 13. Rfd1 O-O 14.
Nd4 Ne5 15. Be2 Ncd7 16. Rb1 h6 17. Be7 Re8 18. Bd6 Ng6 19. Bf3 Ra7 20. Be4 Ne7
21. a4 Nf6 22. Bf3 Ned5 23. Rdc1 e5 24. Nb3 Re6 25. Ba3 b6 26. Nd2 e4 27. Be2
Bd7 28. Bd1 Rc6 29. c4 Nc7 30. Nb3 Ne6 31. Nd4 Rc8 32. Rxb6 Nxd4 33. exd4 Rac7
34. c5 Rc6 35. Rcb1 Nd5 36. Rxc6 Rxc6 37. Bc2 f5 38. Rb7 Be8 39. Bb3 Bf7 40.
Rxf7 1-0

[Event "AUTO-MASTER-2961"]
[Site "http://www.queenalice.com/game.php?id=1622932"]
[Date "2020.8.6"]
[Round "2"]
[White "Donyelko"]
[Black "favos"]
[Result "0-1"]
[WhiteElo "2011"]
[BlackElo "2152"]

1. e4 c6 2. d4 d5 3. e5 Bf5 4. Nf3 e6 5. Bd3 Bg6 6. Ng5 Be7 7. f4 Bxd3 8. Qxd3
Bxg5 9. fxg5 Ne7 10. O-O O-O 11. Nd2 Na6 12. a3 Nf5 13. Nf3 Nc7 14. b4 a5 15. c3
axb4 16. cxb4 Nb5 17. Bb2 Qb6 18. g4 Ne7 19. a4 Nc7 20. Bc3 Ng6 21. Rfc1 Qa7 22.
h4 f6 23. gxf6 gxf6 24. exf6 Rxf6 25. g5 Rf4 26. h5 Rg4+ 27. Kh2 Nf4 28. Qe3
Nxh5 29. Kh3 Re4 30. Qg1 Nf4+ 31. Kh2 Ne2 32. Qg2 Nxc1 33. Rxc1 Qb8 34. g6 h6
35. Qh3 Qf8 36. Bd2 Rxa4 37. Bxh6 Ra2+ 38. Kh1 Qf5 0-1

[Event "Challenge"]
[Site "http://www.queenalice.com/game.php?id=1624132"]
[Date "2020.8.18"]
[Round "-"]
[White "jpribeiro"]
[Black "favos"]
[Result "1-0"]
[WhiteElo "1977"]
[BlackElo "2147"]

1. e4 c6 2. d4 d5 3. Nd2 g6 4. e5 Bf5 5. g4 Bd7 6. h3 e6 7. a3 Bg7 8. Ngf3 Ne7
9. c4 O-O 10. c5 f5 11. Bd3 Na6 12. b4 Nc7 13. g5 Nb5 14. Bb2 a5 15. a4 Nc7 16.
bxa5 Rxa5 17. Bc3 Ra8 18. a5 Na6 19. O-O h6 20. h4 hxg5 21. hxg5 Kf7 22. Kg2 Rh8
23. Rh1 Nc7 24. Rxh8 Qxh8 25. Qh1 f4 26. Qxh8 Bxh8 27. Rh1 Nf5 28. Nh4 Nb5 29.
Bb2 Bg7 30. Nxf5 gxf5 31. Nb3 Kg6 32. Kf3 Kxg5 33. Rg1+ Kh5 34. Rxg7 1-0

[Event "Challenge"]
[Site "http://www.queenalice.com/game.php?id=1624133"]
[Date "2020.8.18"]
[Round "-"]
[White "favos"]
[Black "jpribeiro"]
[Result "1-0"]
[WhiteElo "2101"]
[BlackElo "1931"]

1. Nf3 Nf6 2. c4 g6 3. Nc3 Bg7 4. d4 d6 5. e4 O-O 6. Be2 h6 7. O-O a5 8. Be3 Ng4
9. h3 Nxe3 10. fxe3 c5 11. d5 Bd7 12. Nh2 Qc8 13. Bg4 Bxg4 14. Nxg4 h5 15. Nh2
Nd7 16. Nf3 Nb6 17. Qe2 Nd7 18. Nb5 Ne5 19. Nxe5 Bxe5 20. Rab1 b6 21. Kh1 Kh7
22. Rg1 1-0

[Event "AUTO-MASTER-2992"]
[Site "http://www.queenalice.com/game.php?id=1627267"]
[Date "2020.9.17"]
[Round "1"]
[White "cerenzo72"]
[Black "favos"]
[Result "1-0"]
[WhiteElo "2138"]
[BlackElo "2132"]

1. e4 e5 2. Nf3 Nc6 3. Bb5 Nf6 4. O-O d6 5. d4 Bd7 6. Nc3 exd4 7. Nxd4 Be7 8.
Bg5 Ne5 9. f4 Ng6 10. Nf5 O-O 11. Nxe7+ Qxe7 12. Bxf6 gxf6 13. Nd5 Qd8 14. Bxd7
c6 15. f5 Ne5 16. Bxc6 bxc6 17. Nf4 Kh8 18. Qd4 Rg8 19. Rad1 Qb6 20. Nh5 Rg5 21.
Nxf6 Rd8 22. h3 Qa5 23. Ng4 Re8 24. Nxe5 dxe5 25. Qd6 Qb6+ 26. Kh1 Qe3 27. Qd3
Qg3 28. Qxg3 Rxg3 29. Rd7 Rb8 30. b3 Kg7 31. Rf3 Rxf3 32. gxf3 Kf6 33. Rd6+ Kg5
34. Rxc6 Rd8 35. Rc3 Kf4 36. Kg2 Rd2+ 37. Kf1 Kg3 38. a4 a5 39. Ke1 Rh2 40. Kd1
Kf2 41. Rd3 Rh1+ 42. Kd2 Rxh3 43. c4 Rh6 44. Rd5 Kxf3 45. Rxe5 Rh2+ 46. Kd3 Kf4
47. Rxa5 h5 48. c5 Ke5 49. Ra7 1-0

[Event "AUTO-MASTER-2992"]
[Site "http://www.queenalice.com/game.php?id=1627268"]
[Date "2020.9.17"]
[Round "1"]
[White "favos"]
[Black "cerenzo72"]
[Result "1-0"]
[WhiteElo "2108"]
[BlackElo "2149"]

1. Nf3 e6 2. e4 c5 3. c4 Nc6 4. Nc3 Nf6 5. Be2 Qc7 6. O-O a6 7. d3 Be7 8. Be3
O-O 9. a3 b6 10. h3 Bb7 11. Qd2 d6 12. Rab1 e5 13. Nh2 Nd4 14. Bd1 Nd7 15. f4 f5
16. Bxd4 cxd4 17. Nd5 Qd8 18. exf5 Rxf5 19. Bg4 Rf8 20. Be6+ Kh8 21. fxe5 dxe5
22. Ng4 h5 23. Nh6 Bg5 24. Rxf8+ Nxf8 25. Nf7+ Kh7 26. Nxg5+ Kg6 27. Bf7+ Kf5
28. Rf1# 1-0

[Event "AUTO-MASTER-2992"]
[Site "http://www.queenalice.com/game.php?id=1627283"]
[Date "2020.9.17"]
[Round "1"]
[White "favos"]
[Black "Takeda"]
[Result "1-0"]
[WhiteElo "2120"]
[BlackElo "2086"]

1. c4 g6 2. Nc3 Bg7 3. Nf3 Nf6 4. d4 O-O 5. Bg5 c6 6. e3 d5 7. h3 a6 8. a4 Qa5
9. Bd3 dxc4 10. Bxc4 Ne4 11. Rc1 b5 12. axb5 axb5 13. Bd3 Nf6 14. O-O Nbd7 15.
Ra1 Qxa1 16. Qxa1 Rxa1 17. Rxa1 Nb6 18. Ne5 Bd7 19. Ra7 Bf5 20. Bxf5 gxf5 21.
Nxc6 e6 22. Nxb5 Nc4 23. b3 Nd2 24. b4 Nde4 25. Bf4 Nd5 26. Be5 Bxe5 27. Nxe5
Nxb4 28. f3 Nf6 29. Nd6 Nfd5 30. Ndxf7 Nxe3 31. Nh6+ Kh8 32. Nd7 1-0

[Event "AUTO-MASTER-2992"]
[Site "http://www.queenalice.com/game.php?id=1627284"]
[Date "2020.9.17"]
[Round "1"]
[White "Takeda"]
[Black "favos"]
[Result "0-1"]
[WhiteElo "2086"]
[BlackElo "2121"]

1. e4 e5 2. Nf3 Nc6 3. d4 exd4 4. Nxd4 Bc5 5. Nxc6 bxc6 6. Bc4 d6 7. O-O Nf6 8.
e5 Ne4 9. Be3 Bxe3 10. fxe3 d5 11. Bd3 Ng5 12. Nd2 h6 13. Qh5 O-O 14. h4 Ne6 15.
g4 Nc5 16. Bf5 Bxf5 17. gxf5 f6 18. e6 Qe8 19. Qg4 Rb8 20. b3 Qe7 21. Rf2 a5 22.
Rg2 Rb4 23. c4 dxc4 24. Nxc4 a4 25. Qg6 axb3 26. axb3 Nxb3 27. Ra7 Rxc4 28. Qxh6
Rc1+ 0-1

[Event "AUTO-MASTER-2992"]
[Site "http://www.queenalice.com/game.php?id=1627285"]
[Date "2020.9.17"]
[Round "1"]
[White "favos"]
[Black "jpribeiro"]
[Result "0-1"]
[WhiteElo "2100"]
[BlackElo "1991"]

1. d4 Nf6 2. c4 g6 3. Nc3 d5 4. Nf3 Bg7 5. Bg5 O-O 6. e3 Bg4 7. h3 Bxf3 8. Qxf3
dxc4 9. Bxc4 c6 10. O-O Nbd7 11. Rac1 b5 12. Bb3 Qb6 13. Ne2 Rac8 14. Rc2 c5 15.
dxc5 Qc6 16. Qxc6 Rxc6 17. Nd4 Rxc5 18. Rxc5 Nxc5 19. Nc6 h6 20. Bf4 Nxb3 21.
Nxe7+ Kh7 22. axb3 Nh5 23. Nc6 Nxf4 24. exf4 a6 25. Ne5 Bxe5 26. fxe5 Re8 27. f4
Kg7 28. Rd1 Rc8 29. Rd6 Rc1+ 0-1

[Event "AUTO-MASTER-2992"]
[Site "http://www.queenalice.com/game.php?id=1627286"]
[Date "2020.9.17"]
[Round "1"]
[White "jpribeiro"]
[Black "favos"]
[Result "1-0"]
[WhiteElo "1878"]
[BlackElo "2131"]

1. e4 e5 2. Nf3 Nc6 3. Bc4 Bc5 4. b4 Bxb4 5. c3 Ba5 6. d4 exd4 7. O-O Bxc3 8.
Nxc3 dxc3 9. Qb3 Qe7 10. Qxc3 f6 11. Ba3 d6 12. Rfe1 Bg4 13. h3 Bxf3 14. Qxf3
Ne5 15. Qh5+ g6 16. Qe2 a6 17. Bb3 O-O-O 18. f4 Nc6 19. Rad1 Nh6 20. Bd5 Qd7 21.
Bb2 Rhf8 22. f5 gxf5 23. exf5 Nxf5 24. Be6 1-0

[Event "AUTO-MASTER-2954"]
[Site "http://www.queenalice.com/game.php?id=1633054"]
[Date "2020.11.15"]
[Round "2"]
[White "Maciej1980"]
[Black "favos"]
[Result "1-0"]
[WhiteElo "2258"]
[BlackElo "2071"]

1. e4 e5 2. Nf3 Nc6 3. Bc4 Bc5 4. c3 Nf6 5. d4 exd4 6. cxd4 Bb4+ 7. Nc3 Nxe4 8.
O-O Nxc3 9. bxc3 Bxc3 10. Bxf7+ Kxf7 11. Qb3+ d5 12. Qxc3 1-0

[Event "AUTO-MASTER-2954"]
[Site "http://www.queenalice.com/game.php?id=1633055"]
[Date "2020.11.15"]
[Round "2"]
[White "favos"]
[Black "Maciej1980"]
[Result "0-1"]
[WhiteElo "2080"]
[BlackElo "2251"]

1. d4 d5 2. c4 e6 3. Nf3 Nf6 4. e3 Nc6 5. Nc3 a6 6. Bd2 dxc4 7. Bxc4 Bd6 8. e4
e5 9. d5 Ne7 10. O-O O-O 11. Re1 b5 12. Bb3 Bb7 13. Rc1 Rc8 14. Nh4 c5 0-1

[Event "AUTO-MASTER-2954"]
[Site "http://www.queenalice.com/game.php?id=1633056"]
[Date "2020.11.15"]
[Round "2"]
[White "grepovsky"]
[Black "favos"]
[Result "1-0"]
[WhiteElo "2147"]
[BlackElo "2111"]

1. Nf3 d5 2. c4 d4 3. e4 c5 4. d3 Nc6 5. Be2 e5 6. O-O Nf6 7. Nbd2 Bd6 8. Ne1 a5
9. g3 O-O 10. Ng2 Rb8 11. f4 1-0

[Event "AUTO-MASTER-2954"]
[Site "http://www.queenalice.com/game.php?id=1633057"]
[Date "2020.11.15"]
[Round "2"]
[White "favos"]
[Black "grepovsky"]
[Result "0-1"]
[WhiteElo "2062"]
[BlackElo "2158"]

1. d4 Nf6 2. Bg5 e6 3. e4 h6 4. Bxf6 Qxf6 5. c3 d5 6. e5 Qd8 7. Nf3 c5 8. Nbd2
Nc6 9. Bb5 Bd7 10. O-O Nxe5 11. Bxd7+ Nxd7 0-1